000 00580nam a2200169 a 4500
005 20140412111319.0
008 000824s19uu xx 00 eng d
020 _a0-19-272353-7
050 _aTR(PS E
_bMy99 1999
100 _aTucker, Stephen
245 _aMy days out /
_ctext by Stephen Tucker ; illustrations by Nick Sharratt.
260 _aOxford, OX :
_bOxford University Press,
_c1999.
300 _a1 v. (unp.) ; ill.
520 _aI have lots of fun when I go outdoors. Are my favorite outings . The same as yours.
650 _aBaby stories-Fiction
999 _c104317
_d104317